[Event "Titled Tuesday intern op 29th Aug Late"]
[Site "Chess.com INT"]
[Date "2023.08.29"]
[Round "11"]
[White "Pesotskiy, Mikhail"]
[Black "Carrasco Miranda, Andres"]
[Result "1/2-1/2"]
[WhiteElo "2140"]
[BlackElo "2240"]
[PlyCount "176"]
[EventDate "2023.08.29"]
[EventType "swiss (blitz)"]
[EventRounds "11"]
[EventCountry "USA"]
[SourceTitle "EXT 2024"]
[Source "ChessBase"]
[SourceDate "2023.10.10"]
[SourceVersion "1"]
[SourceVersionDate "2023.10.10"]
[SourceQuality "1"]

1. c4 Nf6 2. d4 g6 3. Nc3 Bg7 4. e4 d6 5. f3 0-0 6. Be3 c5 7. dxc5 dxc5 8. Qxd8 Rxd8 9. Bxc5 Nc6 10. Nge2 b6 11. Ba3 a5 12. Rd1 Rxd1+ 13. Kxd1 Nb4 14. Nd5 Nfxd5 15. cxd5 e6 16. Nc3 Bb7 17. Bc4 Rc8 18. Bb3 Nd3 19. Kd2 Nc5 20. Rd1 Nxb3+ 21. axb3 Bxc3+ 22. bxc3 exd5 23. exd5 Bxd5 24. c4 Be6 25. Rc1 a4 26. bxa4 Rxc4 27. Rxc4 Bxc4 28. Kc3 Bf1 29. g3 Be2 30. f4 f5 31. Bd6 Kf7 32. Kb4 Ke6 33. Bc7 Kd5 34. Bxb6 Ke4 35. Kc5 Kf3 36. Kd5 Kg2 37. Ke5 Kxh2 38. Bf2 Kh3 39. Kf6 Kg4 40. Kg7 g5 41. fxg5 Kxg5 42. Kxh7 f4 43. a5 fxg3 44. Bxg3 Ba6 45. Kg7 Kf5 46. Kf7 Ke4 47. Ke6 Bc4+ 48. Kd6 Be2 49. Kc6 Kf3 50. Bc7 Kg2 51. Kb6 Kh1 52. Bb8 Kg2 53. Bc7 Kh1 54. Bd6 Kg2 55. Be5 Kh1 56. Bf6 Kg2 57. Bg7 Kh1 58. Bh6 Kg2 59. Bg5 Kh1 60. Bf6 Kg2 61. Bd4 Kh1 62. Bc3 Kg2 63. Bb2 Kh1 64. Bc1 Kg2 65. Ba3 Kh1 66. Kc5 Kg2 67. Bc1 Kh1 68. Bd2 Kg2 69. Bc3 Kh1 70. Bb4 Kg2 71. Kd4 Kh1 72. Bc5 Ba6 73. Bd6 Kg2 74. Be7 Kh1 75. Kc5 Kg2 76. Kb6 Bf1 77. Kc5 Kh1 78. Kd5 Kg2 79. Kd4 Kh1 80. Ke3 Ba6 81. Kd4 Kg2 82. Bf8 Kh1 83. Kc5 Kg2 84. Kb6 Bf1 85. Kb7 Kh1 86. Kc7 Kg2 87. Kb6 Kh1 88. a6 Bxa6 1/2-1/2

[Event "Titled Tuesday intern op 29th Aug Early"]
[Site "Chess.com INT"]
[Date "2023.08.29"]
[Round "5"]
[White "Pesotskiy, Mikhail"]
[Black "Feliz Dotel, Dewar Bienvenido"]
[Result "1-0"]
[WhiteElo "2140"]
[BlackElo "1984"]
[PlyCount "119"]
[EventDate "2023.08.29"]
[EventType "swiss (blitz)"]
[EventRounds "11"]
[EventCountry "USA"]
[SourceTitle "EXT 2024"]
[Source "ChessBase"]
[SourceDate "2023.10.10"]
[SourceVersion "1"]
[SourceVersionDate "2023.10.10"]
[SourceQuality "1"]

1. d4 d5 2. c4 e6 3. Nc3 c5 4. Nf3 cxd4 5. Qxd4 Nc6 6. Qd1 Bb4 7. e3 Nf6 8. Bd2 0-0 9. cxd5 exd5 10. a3 Ba5 11. Be2 d4 12. exd4 Nxd4 13. Nxd4 Qxd4 14. 0-0 Bf5 15. Bf3 Rad8 16. Be3 Qxd1 17. Rfxd1 Bxc3 18. bxc3 b6 19. a4 Bg4 20. Rxd8 Rxd8 21. a5 Bxf3 22. gxf3 Nd5 23. axb6 axb6 24. Rd1 Rd7 25. c4 Nf6 26. Rb1 Rb7 27. Rxb6 Rxb6 28. Bxb6 Kf8 29. Kf1 Ke7 30. Ke2 Nd7 31. Bd4 f6 32. Kd3 Kd6 33. f4 Nf8 34. f5 Nd7 35. Ke4 Nb8 36. h4 Nc6 37. Bc3 Kd7 38. c5 Ne7 39. h5 Kc6 40. h6 gxh6 41. Bxf6 Nd5 42. Bg7 h5 43. f6 Nc7 44. f7 Ne6 45. f8Q Nxf8 46. Bxf8 h4 47. Kf3 h5 48. Kg2 Kd5 49. Kh3 Ke6 50. Kxh4 Kf7 51. Bd6 Ke6 52. Kxh5 Kd7 53. Kg6 Kc6 54. f4 Kd7 55. f5 Ke8 56. f6 Kd7 57. f7 Kc6 58. f8Q Kd7 59. Bg3 Ke6 60. Qd6# 1-0

[Event "Titled Tuesday intern op 29th Aug Late"]
[Site "Chess.com INT"]
[Date "2023.08.29"]
[Round "6"]
[White "Pesotskiy, Mikhail"]
[Black "Labussiere, Yago"]
[Result "1-0"]
[WhiteElo "2140"]
[BlackElo "2203"]
[PlyCount "60"]
[EventDate "2023.08.29"]
[EventType "swiss (blitz)"]
[EventRounds "11"]
[EventCountry "USA"]
[SourceTitle "EXT 2024"]
[Source "ChessBase"]
[SourceDate "2023.10.10"]
[SourceVersion "1"]
[SourceVersionDate "2023.10.10"]
[SourceQuality "1"]

1. d4 Nf6 2. c4 g6 3. Nc3 d6 4. e4 Bg7 5. f3 0-0 6. Be3 c5 7. dxc5 dxc5 8. Qxd8 Rxd8 9. Bxc5 Nc6 10. Nge2 b6 11. Ba3 Ba6 12. Nb5 Rac8 13. Nec3 Nd7 14. Be2 Nc5 15. Rd1 Nd4 16. Nxd4 Rxd4 17. Rxd4 Bxd4 18. Nb5 Bxb5 19. cxb5 Na4 20. Bxe7 Rc2 21. Bd1 Bf2+ 22. Kf1 Rxb2 23. Bxa4 Rb1+ 24. Kxf2 Rxh1 25. Bb3 Rxh2 26. Bd6 Rh1 27. Bb8 h5 28. Bxa7 h4 29. Bxb6 h3 30. gxh3 Rxh3 1-0

[Event "Titled Tuesday intern op 29th Aug Late"]
[Site "Chess.com INT"]
[Date "2023.08.29"]
[Round "5"]
[White "Shohat, Yotam"]
[Black "Pesotskiy, Mikhail"]
[Result "1-0"]
[WhiteElo "2332"]
[BlackElo "2140"]
[PlyCount "83"]
[EventDate "2023.08.29"]
[EventType "swiss (blitz)"]
[EventRounds "11"]
[EventCountry "USA"]
[SourceTitle "EXT 2024"]
[Source "ChessBase"]
[SourceDate "2023.10.10"]
[SourceVersion "1"]
[SourceVersionDate "2023.10.10"]
[SourceQuality "1"]

1. g3 e5 2. Bg2 Nc6 3. c4 Bc5 4. Nc3 Nf6 5. e3 0-0 6. Nge2 d6 7. 0-0 Bg4 8. h3 Bh5 9. g4 Bg6 10. d4 Bb6 11. Nd5 Re8 12. Nxb6 axb6 13. Ng3 exd4 14. exd4 Ne4 15. d5 Na5 16. b3 Qf6 17. Be3 Nxg3 18. fxg3 Qxa1 19. Qxa1 Rxe3 20. Kh2 Nxb3 21. axb3 Rxa1 22. Rxa1 h6 23. Ra8+ Kh7 24. Rc8 Rxb3 25. Rxc7 b5 26. c5 dxc5 27. Rxc5 Rb2 28. Kg1 Rb1+ 29. Kf2 Rb2+ 30. Kf3 Rb3+ 31. Kf4 Bb1 32. d6 f6 33. Be4+ Bxe4 34. Kxe4 Rb4+ 35. Kf5 Rd4 36. Ke6 b4 37. d7 Re4+ 38. Kd6 Rd4+ 39. Rd5 Rxd5+ 40. Kxd5 b3 41. d8Q b2 42. Qb6 1-0

[Event "St Petersburg Korchnoi Memorial op"]
[Site "St Petersburg"]
[Date "2023.08.19"]
[Round "2"]
[White "Pesotskiy, Mikhail"]
[Black "Kuizhev, Adam"]
[Result "1-0"]
[WhiteElo "2140"]
[BlackElo "1855"]
[PlyCount "73"]
[EventDate "2023.08.18"]
[EventType "swiss"]
[EventRounds "9"]
[EventCountry "RUS"]
[SourceTitle "EXT 2024"]
[Source "ChessBase"]
[SourceDate "2023.10.10"]
[SourceVersion "1"]
[SourceVersionDate "2023.10.10"]
[SourceQuality "1"]

1. d4 d5 2. c4 c6 3. Nf3 Nf6 4. e3 Bf5 5. Nc3 e6 6. Nh4 Bg6 7. Bd2 Nbd7 8. Nxg6 hxg6 9. g3 Bd6 10. b3 a6 11. Bg2 0-0 12. 0-0 Rc8 13. Qe2 dxc4 14. bxc4 b5 15. c5 Bb8 16. f4 Nd5 17. Ne4 f6 18. a4 Re8 19. axb5 axb5 20. Nf2 f5 21. Nd3 N7f6 22. Ra6 Ne4 23. Bxe4 fxe4 24. Nf2 Nf6 25. g4 Qd5 26. g5 Nd7 27. Bc3 Qf5 28. Qg4 Qd5 29. Qg2 b4 30. Ba1 Qc4 31. Ra8 Bxf4 32. Rxc8 Rxc8 33. exf4 e3 34. Ng4 e2 35. Re1 Ra8 36. Bb2 Ra2 37. Qxe2 1-0

[Event "Titled Tuesday intern op 15th Aug Late"]
[Site "Chess.com INT"]
[Date "2023.08.15"]
[Round "10"]
[White "Barwinska, Ewa"]
[Black "Pesotskiy, Mikhail"]
[Result "0-1"]
[WhiteElo "1996"]
[BlackElo "2140"]
[PlyCount "104"]
[EventDate "2023.08.15"]
[EventType "swiss (blitz)"]
[EventRounds "11"]
[EventCountry "USA"]
[SourceTitle "EXT 2024"]
[Source "ChessBase"]
[SourceDate "2023.10.10"]
[SourceVersion "1"]
[SourceVersionDate "2023.10.10"]
[SourceQuality "1"]

1. e4 e6 2. d4 d5 3. exd5 exd5 4. Bd3 Nf6 5. Ne2 Be7 6. 0-0 0-0 7. c3 Bg4 8. Qc2 c6 9. Bg5 Nbd7 10. f3 Bh5 11. Ng3 Bg6 12. Nf5 Bxf5 13. Bxf5 Re8 14. Nd2 g6 15. Bd3 Nh5 16. Bxe7 Qxe7 17. f4 f5 18. Rae1 Qxe1 19. Rxe1 Rxe1+ 20. Kf2 Re7 21. g3 Nhf6 22. Nf3 Ng4+ 23. Kg1 Ndf6 24. Ne5 Nxe5 25. dxe5 Ne4 26. Bxe4 dxe4 27. Qd2 Kf8 28. Qd6 Ke8 29. Qf6 Rd8 30. e6 Rd1+ 31. Kg2 Kd8 32. Qf8+ Re8 33. Qf6+ Kc8 34. Qf7 Rd2+ 35. Kh3 Rdd8 36. e7 e3 37. exd8Q+ Kxd8 38. Qf6+ Kc8 39. Qf7 Re4 40. Qf8+ Kc7 41. Qg7+ Kb6 42. Qd7 e2 43. Qd8+ Ka6 44. Qd3+ Kb6 45. Qd8+ Ka6 46. Qd3+ b5 47. Qd7 Kb6 48. Qd8+ Kc5 49. Qf8+ Kc4 50. Qf7+ Kd3 51. Qd7+ Kc2 52. Qxa7 e1Q 0-1